<?xml version="1.0" encoding="UTF-8"?><?xml-stylesheet type="text/xsl" href="static/style.xsl"?><OAI-PMH xmlns="http://www.openarchives.org/OAI/2.0/" xmlns:xsi="http://www.w3.org/2001/XMLSchema-instance" xsi:schemaLocation="http://www.openarchives.org/OAI/2.0/ http://www.openarchives.org/OAI/2.0/OAI-PMH.xsd"><responseDate>2026-06-01T02:50:18Z</responseDate><request verb="GetRecord" identifier="oai:riuma.uma.es:10630/7726" metadataPrefix="marc">https://riuma.uma.es/rest/oai/request</request><GetRecord><record><header><identifier>oai:riuma.uma.es:10630/7726</identifier><datestamp>2026-02-03T12:22:53Z</datestamp><setSpec>com_10630_2254</setSpec><setSpec>col_10630_37959</setSpec></header><metadata><record xmlns="http://www.loc.gov/MARC21/slim" xmlns:dcterms="http://purl.org/dc/terms/" xmlns:doc="http://www.lyncode.com/xoai" xmlns:xsi="http://www.w3.org/2001/XMLSchema-instance" xsi:schemaLocation="http://www.loc.gov/MARC21/slim http://www.loc.gov/standards/marcxml/schema/MARC21slim.xsd">
   <leader>00925njm 22002777a 4500</leader>
   <datafield ind2=" " ind1=" " tag="042">
      <subfield code="a">dc</subfield>
   </datafield>
   <datafield ind2=" " ind1=" " tag="720">
      <subfield code="a">Cabeza-Díaz, Aurelio</subfield>
      <subfield code="e">author</subfield>
   </datafield>
   <datafield ind2=" " ind1=" " tag="720">
      <subfield code="a">Bazaga-García, Montse</subfield>
      <subfield code="e">author</subfield>
   </datafield>
   <datafield ind2=" " ind1=" " tag="720">
      <subfield code="a">Pérez-Colodrero, Rosario Mercedes</subfield>
      <subfield code="e">author</subfield>
   </datafield>
   <datafield ind2=" " ind1=" " tag="720">
      <subfield code="a">Papadaki, M.</subfield>
      <subfield code="e">author</subfield>
   </datafield>
   <datafield ind2=" " ind1=" " tag="720">
      <subfield code="a">Olivera-Pastor, Pascual</subfield>
      <subfield code="e">author</subfield>
   </datafield>
   <datafield ind2=" " ind1=" " tag="720">
      <subfield code="a">Losilla, Enrique R.</subfield>
      <subfield code="e">author</subfield>
   </datafield>
   <datafield ind2=" " ind1=" " tag="720">
      <subfield code="a">León-Reina, Laura</subfield>
      <subfield code="e">author</subfield>
   </datafield>
   <datafield ind2=" " ind1=" " tag="720">
      <subfield code="a">Choquesillo-Lazarte, Duane</subfield>
      <subfield code="e">author</subfield>
   </datafield>
   <datafield ind2=" " ind1=" " tag="720">
      <subfield code="a">Garczarek, Piotr</subfield>
      <subfield code="e">author</subfield>
   </datafield>
   <datafield ind2=" " ind1=" " tag="720">
      <subfield code="a">Zon, Jerzy</subfield>
      <subfield code="e">author</subfield>
   </datafield>
   <datafield ind2=" " ind1=" " tag="720">
      <subfield code="a">García-Aranda, Miguel Ángel</subfield>
      <subfield code="e">author</subfield>
   </datafield>
   <datafield ind2=" " ind1=" " tag="720">
      <subfield code="a">Demadis, Konstantinos D.</subfield>
      <subfield code="e">author</subfield>
   </datafield>
   <datafield ind2=" " ind1=" " tag="260">
      <subfield code="c">2014-06-25</subfield>
   </datafield>
   <datafield ind2=" " ind1=" " tag="520">
      <subfield code="a">Multi-chelating phosphonate ligands are organic linkers alternative to polycarboxylates and other ligands providing synthetic access to a number of thermally- and chemically-stable MOFs [1]. Metal phosphonates are amenable for accessing suitable and highly conducting materials both by tuning structural features and post-synthesis treatment [2,3]. For instance, proton conductivity values in the order of 10−2 S cm–1 have been reported for several phosphonate-based compounds [4].&#xd;
We report hereby the synthesis, structural characterization and proton conductivity of an open framework hybrid, Ca2[(HO3PC6H3COOH)2]2[(HO3PC6H3(COO)2H).(H2O)2].5H2O, that combines Ca2+ ions and the rigid polyfunctional ligand 5-(dihydroxyphosphoryl)isophthalic acid. This compound was obtained by slow crystallization at ambient conditions at pH 3. Its complex pillared layered structure, solved by single crystal X-ray analysis, contains hydrophilic 1D channels filled with both water and acidic phosphonate and carboxylate groups creating a hydrogen-bonded network. Partial removal of the lattice water at 75 °C causes a monoclinic structural distortion but still retaining the initial conductivity properties (5.7x10-4 Sxcm-1). Exposure of the sample to ammonia vapor from a concentrated aqueous solution led to major structural changes resulting in a new layered material containing seven NH3 and sixteen H2O molecules per formula. This solid exhibits enhanced conductivity, reaching 6.6x10-3 S.cm-1, as measured at 98 % RH and T = 24 °C. Activation energies were between 0.23 and 0.40 eV, typical of a Grothuss mechanism of proton conduction.</subfield>
   </datafield>
   <datafield ind1="8" ind2=" " tag="024">
      <subfield code="a">http://hdl.handle.net/10630/7726</subfield>
   </datafield>
   <datafield tag="653" ind2=" " ind1=" ">
      <subfield code="a">Conductividad eléctrica</subfield>
   </datafield>
   <datafield ind2="0" ind1="0" tag="245">
      <subfield code="a">Tuning Proton Conductivity in A Multifunctional Calcium Phosphonate Hybrid Framework</subfield>
   </datafield>
</record>
</metadata></record></GetRecord></OAI-PMH>